Under the serpent sea / (Record no. 21445)

MARC details
000 -LEADER
fixed length control field 03304nam a22004217a 4500
005 - DATE AND TIME OF LATEST TRANSACTION
control field 20090119160731.0
008 - FIXED-LENGTH DATA ELEMENTS--GENERAL INFORMATION
fixed length control field 090119t xxu||||| |||| 00| 0 eng d
010 ## - LCCN (DPL NO)
LC control number B-344504-515
020 ## - INTERNATIONAL STANDARD BOOK NUMBER
International Standard Book Number 043920786X
Terms of availability 110.00
035 ## - SYSTEM CONTROL NUMBER
System control number B-344504-515
035 ## - SYSTEM CONTROL NUMBER
System control number B-357813
037 ## - SOURCE OF ACQUISITION
Source of stock number/acquisition Tarun Books
040 ## - CATALOGING SOURCE
Original cataloging agency DPL
Language of cataloging English
082 ## - DEWEY DECIMAL CLASSIFICATION NUMBER
Classification number S
100 ## - MAIN ENTRY--PERSONAL NAME
Personal name Abbott, Tony
245 ## - TITLE STATEMENT
Title Under the serpent sea /
Statement of responsibility, etc by Tony Abbott; illustrated by Tim Jessell
260 ## - PUBLICATION, DISTRIBUTION, ETC. (IMPRINT)
Place of publication, distribution, etc New Delhi
Name of publisher, distributor, etc Scholastic Inc.
Date of publication, distribution, etc 2008 (repr.)
270 ## - ADDRESS
Address 557 Broadway
City New York
Postal code NY 10012
300 ## - PHYSICAL DESCRIPTION
Extent 113p.:
Other physical details ill.
Dimensions 19cm. (pbk)
490 ## - SERIES STATEMENT
Series statement The secrets of Droon -12
700 ## - ADDED ENTRY--PERSONAL NAME
Personal name Jessell, Tim
942 ## - ADDED ENTRY ELEMENTS (KOHA)
Source of classification or shelving scheme Dewey Decimal Classification
Item type Children Books
Classification part S
Call number suffix ABB
Holdings
Withdrawn status Lost status Source of classification or shelving scheme Damaged status Not for loan Collection code Home library Current library Date acquired Source of acquisition Cost, normal purchase price Total Checkouts Full call number Barcode Date last seen Copy number Cost, replacement price Koha item type
    Dewey Decimal Classification     Fiction Bawana Bawana 27/08/2009 Tarun Books/3939/15.5.09/13/23.4.09/4.7.09 110.00   S ABB B-344513 27/08/2009 1 110.00 Children Books
    Dewey Decimal Classification     Fiction Central Library Central Library 27/08/2009 Tarun Books/3939/15.5.09/13/23.4.09/4.7.09 110.00   S ABB B-344504 27/08/2009 1 110.00 Children Books
    Dewey Decimal Classification     Fiction Janak Puri Janak Puri 22/09/2009 Tarun Books/4121/9.9.09/89/2.9.09/11.9.09 110.00 21 S ABB B-357813 11/01/2021 1 110.00 Children Books
    Dewey Decimal Classification     Fiction Jor Bagh (Children Lib) Jor Bagh (Children Lib) 27/08/2009 Tarun Books/3939/15.5.09/13/23.4.09/4.7.09 110.00   S ABB B-344509 27/08/2009 1 110.00 Children Books
    Dewey Decimal Classification     Fiction Karol Bagh Karol Bagh 27/08/2009 Tarun Books/3939/15.5.09/13/23.4.09/4.7.09 110.00   S ABB B-344511 27/08/2009 1 110.00 Children Books
    Dewey Decimal Classification     Fiction Kasturba Gandhi Marg Kasturba Gandhi Marg 27/08/2009 Tarun Books/3939/15.5.09/13/23.4.09/4.7.09 110.00   S ABB B-344506 27/08/2009 1 110.00 Children Books
    Dewey Decimal Classification     Fiction Narela Narela 27/08/2009 Tarun Books/3939/15.5.09/13/23.4.09/4.7.09 110.00   S ABB B-344512 27/08/2009 1 110.00 Children Books
    Dewey Decimal Classification     Fiction Patel Nagar Patel Nagar 27/08/2009 Tarun Books/3939/15.5.09/13/23.4.09/4.7.09 110.00   S ABB B-344505 27/08/2009 1 110.00 Children Books
    Dewey Decimal Classification     Fiction Peshwa Road Peshwa Road 27/08/2009 Tarun Books/3939/15.5.09/13/23.4.09/4.7.09 110.00   S ABB B-344507 27/08/2009 1 110.00 Children Books
    Dewey Decimal Classification     Fiction R.C.Libraries (BL-I) R.C.Libraries (BL-I) 27/08/2009 Tarun Books/3939/15.5.09/13/23.4.09/4.7.09 110.00   S ABB B-344515 27/08/2009 1 110.00 Children Books
    Dewey Decimal Classification     Fiction Sarojini Nagar Sarojini Nagar 27/08/2009 Tarun Books/3939/15.5.09/13/23.4.09/4.7.09 110.00   S ABB B-344508 27/08/2009 1 110.00 Children Books
    Dewey Decimal Classification     Fiction Shahdara Branch Shahdara Branch 27/08/2009 Tarun Books/3939/15.5.09/13/23.4.09/4.7.09 110.00   S ABB B-344514 27/08/2009 1 110.00 Children Books
    Dewey Decimal Classification     Fiction Vinoba Puri Vinoba Puri 27/08/2009 Tarun Books/3939/15.5.09/13/23.4.09/4.7.09 110.00 3 S ABB B-344510 25/06/2011 1 110.00 Children Books

© Delhi Public Library
Hit Counter
free hit counter